| 000 | 01173cam a22003254a 4500 | ||
|---|---|---|---|
| 001 | 12241872 | ||
| 003 | OSt | ||
| 005 | 20210924143823.0 | ||
| 008 | 001127s2000 enka b 001 0 eng c | ||
| 010 | _a 00711854 | ||
| 015 | _aGBA0-Y8279 | ||
| 020 | _a0750647116 | ||
| 035 | _a(OCoLC)ocm43634125 | ||
| 040 |
_aDDC _cHU _dOKS _dDLC |
||
| 042 | _apcc | ||
| 043 | _ae-uk--- | ||
| 050 | 0 | 0 |
_aTX910.G7 _bI48 2000 |
| 082 | 0 | 0 |
_a647.94/INT _221 |
| 245 | 0 | 3 |
_aAn introduction to the UK hospitality industry : _ba comparative approach / _cedited by Bob Brotherton. |
| 260 |
_aOxford ; _aBoston : _bButterworth-Heinemann, _c2000. |
||
| 300 |
_axx, 226 p. : _bill. ; _c25 cm. |
||
| 504 | _aIncludes bibliographical references and index. | ||
| 650 | 0 |
_aHospitality industry _zGreat Britain. _97186 |
|
| 700 | 1 |
_aBrotherton, Bob. _97187 |
|
| 856 | 4 | 2 |
_3Publisher description _uhttp://www.loc.gov/catdir/description/els031/00711854.html |
| 856 | 4 | 1 |
_3Table of contents _uhttp://www.loc.gov/catdir/toc/els031/00711854.html |
| 906 |
_a7 _bcbc _cpccadap _d3 _encip _f20 _gy-gencatlg |
||
| 942 |
_2ddc _cBOOKS _n0 |
||
| 999 |
_c6818 _d6818 |
||